[Event "Kaltern Trophy-B 2nd"]
[Site "Kaltern"]
[Date "2017.10.29"]
[Round "4"]
[White "Stuiber, Wilhelm"]
[Black "Steinegger, Egon"]
[Result "1/2-1/2"]
[WhiteElo "1842"]
[BlackElo "1628"]
[PlyCount "26"]
[EventDate "2017.10.27"]
[EventType "swiss"]
[EventRounds "5"]
[EventCountry "ITA"]
[SourceTitle "CBM 181 Extra"]
[Source "ChessBase"]
[SourceDate "2017.12.12"]
[SourceVersion "1"]
[SourceVersionDate "2017.12.12"]
[SourceQuality "1"]

1. d4 d5 2. e3 Nf6 3. f4 Bf5 4. Nf3 e6 5. Be2 c5 6. c3 Nc6 7. 0-0 Qb6 8. Qb3 c4 9. Qd1 Ng4 10. Ne5 Nxe3 11. Bxe3 Qxb2 12. Nd2 Qxc3 13. Kf2 Nxe5 1/2-1/2

[Event "MVP-ch Seniors op 14th"]
[Site "Binz"]
[Date "2014.11.27"]
[Round "3"]
[White "Stuiber, Wilhelm"]
[Black "Wilfert, Eva Maria"]
[Result "1-0"]
[WhiteElo "1715"]
[BlackElo "1387"]
[PlyCount "57"]
[EventDate "2014.11.25"]
[EventType "swiss"]
[EventRounds "9"]
[EventCountry "GER"]
[SourceTitle "EXT 2016"]
[Source "ChessBase"]
[SourceDate "2015.10.08"]
[SourceVersion "1"]
[SourceVersionDate "2015.10.08"]
[SourceQuality "1"]

1. f4 g6 2. Nf3 Bg7 3. d4 Nf6 4. e3 d5 5. Bd3 Nc6 6. c3 0-0 7. 0-0 e6 8. Nbd2 a6 9. Ne5 Ne7 10. a4 b6 11. b3 Bb7 12. Ba3 Re8 13. Bxe7 Qxe7 14. b4 c5 15. bxc5 bxc5 16. Qe2 c4 17. Bc2 Rab8 18. g4 h6 19. h4 Nd7 20. Nxd7 Qxd7 21. Nf3 Bc8 22. Ne5 Bxe5 23. fxe5 Rb2 24. h5 Kg7 25. hxg6 fxg6 26. Rf6 g5 27. Rg6+ Kf8 28. Qf2+ Ke7 29. Qf6# 1-0

[Event "GER-chA Seniors 26th"]
[Site "Bad Neuenahr"]
[Date "2014.08.11"]
[Round "7"]
[White "Stuiber, Wilhelm"]
[Black "Gerhards, Walter"]
[Result "0-1"]
[WhiteElo "1883"]
[BlackElo "1942"]
[PlyCount "76"]
[EventDate "2014.08.05"]
[EventType "swiss"]
[EventRounds "9"]
[EventCountry "GER"]
[SourceTitle "EXT 2018"]
[Source "ChessBase"]
[SourceDate "2017.10.13"]
[SourceVersion "1"]
[SourceVersionDate "2017.10.13"]
[SourceQuality "1"]

1. e3 e5 2. d4 exd4 3. Qxd4 Nf6 4. Nf3 d5 5. a3 c5 6. Bb5+ Bd7 7. Qa4 Nc6 8. c3 Bd6 9. Nbd2 0-0 10. 0-0 Re8 11. b4 c4 12. Re1 Qc7 13. Nf1 Ng4 14. Qd1 Be6 15. h3 Nge5 16. Bxc6 bxc6 17. Nxe5 Bxe5 18. Bd2 a5 19. Qc2 g6 20. e4 Rad8 21. Rad1 axb4 22. axb4 Ra8 23. Ra1 Bg7 24. Ng3 h5 25. exd5 Rxa1 26. Rxa1 Bxd5 27. Be3 Qb7 28. Bc5 Qc8 29. Qd2 h4 30. Ne2 Qf5 31. Nd4 Qe4 32. f3 Qe5 33. Qf2 Bf6 34. Kf1 Qh2 35. Qg1 Qf4 36. Qf2 Re3 37. Ra3 Rd3 38. Qe2 Qc1+ 0-1

[Event "GER-chA Seniors 26th"]
[Site "Bad Neuenahr"]
[Date "2014.08.08"]
[Round "4"]
[White "Schoeler, Gerhard1"]
[Black "Stuiber, Wilhelm"]
[Result "1/2-1/2"]
[WhiteElo "1885"]
[BlackElo "1883"]
[PlyCount "76"]
[EventDate "2014.08.05"]
[EventType "swiss"]
[EventRounds "9"]
[EventCountry "GER"]
[SourceTitle "EXT 2018"]
[Source "ChessBase"]
[SourceDate "2017.10.13"]
[SourceVersion "1"]
[SourceVersionDate "2017.10.13"]
[SourceQuality "1"]

1. d4 d5 2. Nf3 e6 3. e3 f5 4. c4 c6 5. Nc3 Nf6 6. Ne5 Bd6 7. f4 0-0 8. Bd3 Ne4 9. 0-0 Nd7 10. Qe1 Ndf6 11. a3 Bd7 12. Nxd7 Qxd7 13. c5 Be7 14. Be2 Kh8 15. Rf3 Nxc3 16. Qxc3 Ne4 17. Qe1 g5 18. g3 g4 19. Rf1 Rg8 20. Bd3 Rg6 21. Bxe4 dxe4 22. b4 a6 23. Qc3 Bf6 24. Rb1 h5 25. Kg2 Rh6 26. Bd2 Kg7 27. Qc4 Kf7 28. a4 Qd5 29. Qxd5 exd5 30. Rh1 h4 31. Rb2 hxg3 32. hxg3 Rxh1 33. Kxh1 Rh8+ 34. Kg2 Rc8 35. b5 axb5 36. axb5 Bd8 37. bxc6 bxc6 38. Rb7+ Ke6 1/2-1/2

[Event "GER-chA Seniors 26th"]
[Site "Bad Neuenahr"]
[Date "2014.08.07"]
[Round "3"]
[White "Stuiber, Wilhelm"]
[Black "Hilpert, Rainer"]
[Result "0-1"]
[WhiteElo "1883"]
[BlackElo "2052"]
[PlyCount "64"]
[EventDate "2014.08.05"]
[EventType "swiss"]
[EventRounds "9"]
[EventCountry "GER"]
[SourceTitle "EXT 2018"]
[Source "ChessBase"]
[SourceDate "2017.10.13"]
[SourceVersion "1"]
[SourceVersionDate "2017.10.13"]
[SourceQuality "1"]

1. e3 Nf6 2. d4 g6 3. Bd3 Bg7 4. Nd2 d6 5. f4 e5 6. c3 0-0 7. Nb3 Re8 8. Ne2 e4 9. Bc2 a5 10. Nd2 d5 11. Ba4 c6 12. b4 b5 13. Bc2 Na6 14. a3 Bd7 15. Nf1 axb4 16. axb4 Nxb4 17. Rxa8 Nxc2+ 18. Qxc2 Qxa8 19. h3 Qa5 20. Bd2 Ra8 21. g4 h5 22. g5 Ne8 23. Kf2 Qa2 24. Qxa2 Rxa2 25. Nc1 Rb2 26. Ke1 Nd6 27. Kd1 Nc4 28. Ne2 Bf8 29. Bc1 Ra2 30. Neg3 c5 31. Rh2 Rxh2 32. Nxh2 Bxh3 0-1

[Event "Wuerttemberg-ch Seniors op 26th"]
[Site "Freudenstadt"]
[Date "2014.07.21"]
[Round "6"]
[White "Blosze, Winfried"]
[Black "Stuiber, Wilhelm"]
[Result "1/2-1/2"]
[WhiteElo "1848"]
[BlackElo "1883"]
[PlyCount "39"]
[EventDate "2014.07.16"]
[EventType "swiss"]
[EventRounds "9"]
[EventCountry "GER"]
[SourceTitle "EXT 2019"]
[Source "ChessBase"]
[SourceDate "2018.10.10"]
[SourceVersion "1"]
[SourceVersionDate "2018.10.10"]
[SourceQuality "1"]

1. e4 d5 2. exd5 Qxd5 3. Nc3 Qd8 4. Bc4 Nf6 5. d3 Bg4 6. f3 Bh5 7. Bg5 Nbd7 8. Qe2 c6 9. Nh3 e6 10. Nf2 Be7 11. g4 Bg6 12. h4 h6 13. Bd2 Nb6 14. Bb3 Nfd5 15. h5 Bh7 16. Nce4 Qd7 17. Rg1 f6 18. f4 0-0-0 19. g5 hxg5 20. fxg5 1/2-1/2

[Event "Wuerttemberg-ch Seniors op 26th"]
[Site "Freudenstadt"]
[Date "2014.07.19"]
[Round "4"]
[White "Macher, Claus"]
[Black "Stuiber, Wilhelm"]
[Result "1/2-1/2"]
[WhiteElo "2047"]
[BlackElo "1883"]
[PlyCount "41"]
[EventDate "2014.07.16"]
[EventType "swiss"]
[EventRounds "9"]
[EventCountry "GER"]
[SourceTitle "EXT 2019"]
[Source "ChessBase"]
[SourceDate "2018.10.10"]
[SourceVersion "1"]
[SourceVersionDate "2018.10.10"]
[SourceQuality "1"]

1. d4 d5 2. c4 e6 3. Nc3 f5 4. g3 c6 5. Nf3 Bd6 6. b3 Nf6 7. Bg2 0-0 8. 0-0 Nbd7 9. Bb2 Ne4 10. Nd2 Ndf6 11. f4 Nxd2 12. Qxd2 Bb4 13. Qd3 Ne4 14. Nxe4 fxe4 15. Qc2 Bd6 16. a3 Bd7 17. Rfc1 g5 18. e3 Qf6 19. Qe2 gxf4 20. exf4 Rf7 21. Bc3 1/2-1/2

[Event "Wuerttemberg-ch Seniors op 26th"]
[Site "Freudenstadt"]
[Date "2014.07.17"]
[Round "2"]
[White "Just, Joachim"]
[Black "Stuiber, Wilhelm"]
[Result "1-0"]
[WhiteElo "1979"]
[BlackElo "1883"]
[PlyCount "141"]
[EventDate "2014.07.16"]
[EventType "swiss"]
[EventRounds "9"]
[EventCountry "GER"]
[SourceTitle "EXT 2019"]
[Source "ChessBase"]
[SourceDate "2018.10.10"]
[SourceVersion "1"]
[SourceVersionDate "2018.10.10"]
[SourceQuality "1"]

1. c4 e6 2. g3 d5 3. d4 f5 4. cxd5 exd5 5. Nf3 Nf6 6. Bg2 Bd6 7. Nc3 c6 8. Qb3 Qb6 9. 0-0 0-0 10. Qc2 Ne4 11. Bf4 Qc7 12. Nb5 Qd7 13. Nxd6 Nxd6 14. Bxd6 Qxd6 15. e3 Be6 16. Ne5 Nd7 17. Nxd7 Qxd7 18. b4 g5 19. f4 g4 20. h3 h5 21. h4 Rac8 22. Rfc1 b6 23. Bf1 Qd6 24. Qa4 Rc7 25. Rc3 Bd7 26. Qb3 c5 27. Rac1 c4 28. Qb1 b5 29. Bd3 Qe6 30. Bc2 Kg7 31. Kf2 Kf6 32. Qb2 Qd6 33. Ra3 Bc8 34. Bb1 Re8 35. Rcc3 Qb6 36. Ra5 Re6 37. Qc2 Rd6 38. Rca3 Be6 39. Rc3 Qb7 40. Rca3 Qb6 41. Qc3 Bc8 42. Qd2 a6 43. Rc3 Rb7 44. Bc2 Qd8 45. Qc1 Re7 46. Qb1 Rb6 47. Ke2 Qe8 48. Kd2 Rbe6 49. Raa3 Rb6 50. Qh1 Qd7 51. Ra5 Qd6 52. Qb1 Be6 53. Qb2 Bc8 54. Qa3 Reb7 55. Ke2 Re7 56. Kf2 Bd7 57. Qb2 Qb8 58. Qb1 Qd6 59. a3 Re8 60. Qh1 Reb8 61. Qe1 Be6 62. Qd2 Qe7 63. Bd1 Qd6 64. Be2 Qe7 65. Bf1 Qd6 66. Bg2 Qc6 67. Rc1 Rc8 68. Qc3 Qd6 69. Re1 Bd7 70. Re2 Bc6 71. Ra2 1-0

[Event "Hessen-ch Seniors op 10th"]
[Site "Bad Sooden-Allendorf"]
[Date "2014.04.28"]
[Round "3"]
[White "Stuiber, Wilhelm"]
[Black "Arp, Frans"]
[Result "1/2-1/2"]
[WhiteElo "1849"]
[BlackElo "2028"]
[PlyCount "68"]
[EventDate "2014.04.26"]
[EventType "swiss"]
[EventRounds "9"]
[EventCountry "GER"]
[SourceTitle "EXT 2018"]
[Source "ChessBase"]
[SourceDate "2017.10.13"]
[SourceVersion "1"]
[SourceVersionDate "2017.10.13"]
[SourceQuality "1"]

1. e3 e5 2. d4 e4 3. c4 Nf6 4. Nc3 Bb4 5. Bd2 Nc6 6. d5 Bxc3 7. Bxc3 Ne7 8. Bxf6 gxf6 9. Qd4 d6 10. Qxf6 Ng6 11. Qxd8+ Kxd8 12. Ne2 c6 13. Nc3 f5 14. g3 Kc7 15. Be2 Ne5 16. 0-0-0 a6 17. dxc6 bxc6 18. Rd2 Be6 19. b3 h5 20. h4 Bf7 21. Rhd1 Rhd8 22. Kc2 Rd7 23. Nb1 Rad8 24. Kc3 d5 25. cxd5 cxd5 26. Kb2 Kb6 27. Nc3 Rd6 28. a3 Nc6 29. Na4+ Ka7 30. Rc1 Be8 31. Nc5 a5 32. Bb5 Ne5 33. Be2 Nc6 34. Bb5 Ne5 1/2-1/2

[Event "MVP-ch Seniors op 13th"]
[Site "Binz"]
[Date "2013.11.27"]
[Round "1"]
[White "Stuiber, Wilhelm"]
[Black "Neukirch, Detlef"]
[Result "0-1"]
[WhiteElo "1839"]
[BlackElo "2082"]
[PlyCount "39"]
[EventDate "2013.11.27"]
[EventType "swiss"]
[EventRounds "9"]
[EventCountry "GER"]
[SourceTitle "EXT 2015"]
[Source "ChessBase"]
[SourceDate "2014.11.20"]
[SourceVersion "1"]
[SourceVersionDate "2014.11.20"]
[SourceQuality "1"]

1. e3 Nf6 2. d4 c5 3. c3 e6 4. Bd3 b6 5. f4 Bb7 6. Nf3 Be7 7. 0-0 0-0 8. Nbd2 d5 9. Ne5 Ne4 10. Qf3 f5 11. g4 Nd7 12. Nxd7 Qxd7 13. g5 c4 14. Bxe4 fxe4 15. Qg4 Rf5 16. Rf2 e5 17. Kh1 exf4 18. Rxf4 Raf8 19. Nf1 Bxg5 20. Qe2 0-1

[Event "Hessen-ch Seniors op 09th"]
[Site "Bad Sooden-Allendorf"]
[Date "2013.04.28"]
[Round "9"]
[White "Stuiber, Wilhelm"]
[Black "Reimann, Guenther"]
[Result "1/2-1/2"]
[WhiteElo "1830"]
[BlackElo "1948"]
[PlyCount "53"]
[EventDate "2013.04.20"]
[EventType "swiss"]
[EventRounds "9"]
[EventCountry "GER"]
[SourceTitle "EXT 2019"]
[Source "ChessBase"]
[SourceDate "2018.10.10"]
[SourceVersion "1"]
[SourceVersionDate "2018.10.10"]
[SourceQuality "1"]

1. e3 e6 2. d4 d5 3. Bd3 Nf6 4. f4 c5 5. c3 Nc6 6. Nf3 c4 7. Bc2 b5 8. 0-0 Qc7 9. Nbd2 g6 10. Ne5 Bg7 11. Qe2 Nd7 12. Nxc6 Qxc6 13. e4 0-0 14. e5 a5 15. a3 Ba6 16. Nf3 Rfb8 17. Be3 b4 18. Rfb1 Bf8 19. axb4 axb4 20. Ba4 Bb5 21. Bxb5 Qxb5 22. Qd1 b3 23. Rxa8 Rxa8 24. Ra1 Ra4 25. Rxa4 Qxa4 26. Bc1 Nb6 27. Qd2 1/2-1/2

[Event "Hessen-ch Seniors op 09th"]
[Site "Bad Sooden-Allendorf"]
[Date "2013.04.24"]
[Round "5"]
[White "Stuiber, Wilhelm"]
[Black "Baier, Peter"]
[Result "1-0"]
[WhiteElo "1830"]
[BlackElo "1767"]
[PlyCount "107"]
[EventDate "2013.04.20"]
[EventType "swiss"]
[EventRounds "9"]
[EventCountry "GER"]
[SourceTitle "EXT 2019"]
[Source "ChessBase"]
[SourceDate "2018.10.10"]
[SourceVersion "1"]
[SourceVersionDate "2018.10.10"]
[SourceQuality "1"]

1. e3 Nf6 2. d4 d5 3. f4 Bf5 4. Nf3 Nc6 5. c3 a6 6. Be2 e6 7. 0-0 h6 8. Ne5 Nxe5 9. fxe5 Nd7 10. Nd2 Qe7 11. a4 f6 12. exf6 Nxf6 13. b3 0-0-0 14. Ba3 Qd7 15. Bxf8 Rhxf8 16. b4 Ne4 17. Qc1 Nxd2 18. Qxd2 Be4 19. a5 Rxf1+ 20. Rxf1 Qe7 21. Bg4 Kb8 22. Qf2 Bf5 23. Be2 Qg5 24. Qf4 Qg6 25. g4 Ka7 26. h4 Bd3 27. h5 Qe4 28. Qxe4 dxe4 29. Bxd3 exd3 30. Rd1 e5 31. Rxd3 exd4 32. Rxd4 Re8 33. Kf2 Re7 34. e4 b6 35. Ke3 bxa5 36. bxa5 Kb7 37. Rd5 Re6 38. e5 g6 39. Kd4 Kc6 40. c4 gxh5 41. gxh5 Re8 42. Rc5+ Kb7 43. Kd5 Rd8+ 44. Ke6 Rf8 45. Rd5 Kc8 46. Ke7 Rf5 47. e6 Rf4 48. c5 Kb7 49. Ke8 Kc6 50. Rd7 Rg4 51. Rh7 Kxc5 52. Kd7 Rd4+ 53. Kxc7 Rd6 54. e7 1-0

[Event "Hessen-ch Seniors op 09th"]
[Site "Bad Sooden-Allendorf"]
[Date "2013.04.22"]
[Round "3"]
[White "Stuiber, Wilhelm"]
[Black "Garbe, Eckhard"]
[Result "1-0"]
[WhiteElo "1830"]
[BlackElo "1706"]
[PlyCount "91"]
[EventDate "2013.04.20"]
[EventType "swiss"]
[EventRounds "9"]
[EventCountry "GER"]
[SourceTitle "EXT 2019"]
[Source "ChessBase"]
[SourceDate "2018.10.10"]
[SourceVersion "1"]
[SourceVersionDate "2018.10.10"]
[SourceQuality "1"]

1. e3 d5 2. d4 Nf6 3. f4 Bg4 4. Nf3 e6 5. Bd3 c5 6. c3 c4 7. Bc2 a6 8. 0-0 b5 9. Nbd2 Be7 10. Qe1 Bxf3 11. Rxf3 Nbd7 12. e4 dxe4 13. Nxe4 g6 14. Bd2 Nd5 15. Qe2 N7f6 16. Nxf6+ Nxf6 17. Rf2 h5 18. h3 Rb8 19. a3 0-0 20. Re1 Nd5 21. Rf3 Bh4 22. g3 Bf6 23. Kg2 Kg7 24. Rh1 Rh8 25. Rff1 Qd7 26. Be4 Rbd8 27. Qf3 Be7 28. Re1 Bf6 29. Re2 Rhe8 30. Rhe1 Kf8 31. Rh1 Kg7 32. Kf2 Re7 33. Ke1 Rh8 34. Kd1 Rd8 35. Rhe1 Kf8 36. Kc2 a5 37. Kc1 Rb8 38. g4 hxg4 39. hxg4 Nc7 40. g5 Bg7 41. Rh2 f5 42. gxf6 Bxf6 43. Rh6 Rh7 44. Rxg6 Rf7 45. Reg1 Qd8 46. Kc2 1-0

[Event "MVP-ch Seniors op 12th"]
[Site "Binz"]
[Date "2012.12.04"]
[Round "7"]
[White "Narr, Irmgard"]
[Black "Stuiber, Wilhelm"]
[Result "0-1"]
[WhiteElo "1475"]
[BlackElo "1624"]
[PlyCount "194"]
[EventDate "2012.11.28"]
[EventType "swiss"]
[EventRounds "9"]
[EventCountry "GER"]
[SourceTitle "EXT 2014"]
[Source "ChessBase"]
[SourceDate "2013.11.20"]
[SourceVersion "1"]
[SourceVersionDate "2013.11.20"]
[SourceQuality "1"]

1. e4 d5 2. exd5 Qxd5 3. Nc3 Qd8 4. Nf3 Nf6 5. Bc4 a6 6. d4 b5 7. Bb3 c5 8. dxc5 Qxd1+ 9. Nxd1 e6 10. Be3 Bb7 11. c3 Nbd7 12. a4 Bxc5 13. axb5 axb5 14. Rxa8+ Bxa8 15. Bc2 0-0 16. Bd3 Bxf3 17. gxf3 Rb8 18. b4 Bd6 19. h3 Nd5 20. Rg1 Be5 21. Bd2 f5 22. Ke2 Kf7 23. h4 N7f6 24. Re1 Ne8 25. Kf1 Bf6 26. Bg5 Bxc3 27. Nxc3 Nxc3 28. Bd2 Nd5 29. Rc1 Nd6 30. Ke2 e5 31. Rc5 Ke6 32. Bc2 Rc8 33. Bxf5+ Kxf5 34. Rxd5 Ke6 35. Rd3 Rc4 36. h5 Rh4 37. h6 gxh6 38. Ra3 h5 39. Ra7 h6 40. Rh7 Nf5 41. Rb7 Nd6 42. Rh7 Nf5 43. Rb7 Nd4+ 44. Kf1 Nxf3 45. Rb6+ Kf5 46. Bxh6 Rxb4 47. Bg7 Rg4 48. Bf8 Nd4 49. Bc5 h4 50. Bxd4 exd4 51. Rxb5+ Ke4 52. Ke2 Rf4 53. Rb3 Kf5 54. Rh3 Kg4 55. Rd3 Kf5 56. f3 Ke5 57. Kf2 Kd5 58. Ra3 Kc4 59. Ra4+ Kb3 60. Ra1 Kb2 61. Re1 Kc2 62. Re2+ Kc3 63. Ra2 Kd3 64. Ra3+ Kc2 65. Ra2+ Kb1 66. Rd2 Kc1 67. Ke2 h3 68. Rd1+ Kc2 69. Rd2+ Kc3 70. Rd3+ Kc4 71. Rd1 h2 72. Kf2 Rh4 73. Rh1 Kd3 74. Kg3 Rh8 75. Kf2 Kc2 76. f4 d3 77. Ke3 d2 78. Ke2 Re8+ 79. Kf3 d1Q+ 80. Rxd1 Kxd1 81. Kg2 Rf8 82. Kxh2 Rxf4 83. Kg3 Rf8 84. Kg4 Ke2 85. Kg5 Ke3 86. Kg6 Ke4 87. Kg7 Rf5 88. Kg6 Ke5 89. Kh6 Kf6 90. Kh7 Rg5 91. Kh6 Rg8 92. Kh5 Rg7 93. Kh6 Rg8 94. Kh5 Kf5 95. Kh4 Rg7 96. Kh3 Kf4 97. Kh2 Kf3 0-1

[Event "MVP-ch Seniors op 12th"]
[Site "Binz"]
[Date "2012.12.01"]
[Round "4"]
[White "Stuiber, Wilhelm"]
[Black "Maczollek, Helmut"]
[Result "1-0"]
[WhiteElo "1624"]
[BlackElo "1375"]
[PlyCount "135"]
[EventDate "2012.11.28"]
[EventType "swiss"]
[EventRounds "9"]
[EventCountry "GER"]
[SourceTitle "EXT 2014"]
[Source "ChessBase"]
[SourceDate "2013.11.20"]
[SourceVersion "1"]
[SourceVersionDate "2013.11.20"]
[SourceQuality "1"]

1. e3 d5 2. d4 Nf6 3. f4 e6 4. Nf3 Be7 5. Bd3 Nbd7 6. c3 0-0 7. Nbd2 c5 8. 0-0 b6 9. Qe2 Bb7 10. Ne5 Ne4 11. Nxd7 Qxd7 12. Rf3 f5 13. Rh3 Rf6 14. Nf3 Bd6 15. Ne5 Bxe5 16. fxe5 Rf7 17. Bd2 g6 18. Rf1 Raf8 19. Be1 c4 20. Bxe4 fxe4 21. Rxf7 Qxf7 22. Bh4 h5 23. Bf6 Qh7 24. g4 Qf7 25. gxh5 Qh7 26. Qg4 Kf7 27. Qg5 gxh5 28. Rxh5 Qg6 29. Qxg6+ Kxg6 30. Rg5+ Kh6 31. Rg7 Bc6 32. Rxa7 Rg8+ 33. Kf2 Kh5 34. Rh7+ Kg6 35. Re7 Kf5 36. Rh7 b5 37. h3 Be8 38. Rh4 Bf7 39. Rf4+ Kg6 40. h4 Kh5 41. Bg5 Bg6 42. Kg3 Bf5 43. Kf2 Ra8 44. a3 b4 45. axb4 Ra2 46. Ke1 Rxb2 47. Kd1 Ra2 48. Kc1 Ra3 49. Kc2 Rb3 50. Rf1 Ra3 51. Rb1 Bg4 52. Rb2 Ra7 53. Kb1 Bf5 54. b5 Rb7 55. b6 Bg6 56. Kc1 Bf7 57. Kd2 Kg6 58. Ke1 Kg7 59. Kf2 Bh5 60. Kg3 Bd1 61. Bd8 Kf7 62. Bc7 Ke7 63. Rh2 Bh5 64. Kf4 Kd7 65. Kg5 Bd1 66. h5 Bxh5 67. Rxh5 Kc6 68. Kf6 1-0

[Event "MVP-ch Seniors op 12th"]
[Site "Binz"]
[Date "2012.11.29"]
[Round "2"]
[White "Stuiber, Wilhelm"]
[Black "Schumann, Hans"]
[Result "0-1"]
[WhiteElo "1624"]
[BlackElo "1464"]
[PlyCount "73"]
[EventDate "2012.11.28"]
[EventType "swiss"]
[EventRounds "9"]
[EventCountry "GER"]
[SourceTitle "EXT 2014"]
[Source "ChessBase"]
[SourceDate "2013.11.20"]
[SourceVersion "1"]
[SourceVersionDate "2013.11.20"]
[SourceQuality "1"]

1. e3 d5 2. d4 Nf6 3. f4 e6 4. Bd3 Nbd7 5. Nf3 Bd6 6. 0-0 0-0 7. Qe2 b6 8. Nbd2 Bb7 9. Ne5 c5 10. c3 cxd4 11. exd4 a6 12. Ndf3 Ne4 13. Nxd7 Qxd7 14. Ne5 Bxe5 15. fxe5 Qe7 16. Qg4 f5 17. exf6 Nxf6 18. Qh4 Rf7 19. Bf4 Ne4 20. Qg4 Nf6 21. Qe2 b5 22. Bg5 Raf8 23. Rae1 Bc8 24. Rf3 Qd6 25. Bf4 Qd7 26. Rh3 g6 27. Bh6 Re8 28. Rg3 Ree7 29. Qe5 Qc7 30. Qe2 Bb7 31. Qc2 Nh5 32. Rg4 Nf6 33. Rg5 Kh8 34. h3 Ne4 35. Re5 Rf2 36. Re2 Rxe2 37. Qxe2 0-1